Normal view
MARC view
Entry Topical Term
001 - CONTROL NUMBER
- control field: 40586
003 - CONTROL NUMBER IDENTIFIER
- control field: dpl
005 - DATE AND TIME OF LATEST TRANSACTION
- control field: 20120202123124.0
008 - FIXED-LENGTH DATA ELEMENTS
- fixed length control field: 120202|||a|||||| | ||| d
040 ## - CATALOGING SOURCE
- Original cataloging agency: dpl
- Transcribing agency: dpl
150 ## - HEADING--TOPICAL TERM
- Topical term or geographic name as entry element: Marathi Play
670 ## - SOURCE DATA FOUND
- Source citation: Work cat.: (dpl): 39079 देशपांडे,सुषमा, बया दार उघड /, 2012
670 ## - SOURCE DATA FOUND
- Source citation: Work cat.: (dpl): 39079 देशपांडे,सुषमा, बया दार उघड /, 2012
